书目信息 |
| 题名: |
民间银饰
|
|
| 作者: | 王金华 编著 | |
| 分册: | ||
| 出版信息: | 北京 中国轻工业出版社 2005 |
|
| 页数: | 139页 | |
| 开本: | 19cm | |
| 丛书名: | 中国民间工艺风采丛书 | |
| 单 册: | ||
| 中图分类: | J526.1 | |
| 科图分类: | ||
| 主题词: | 首饰 , 银--首饰--工艺美术--中国--图集 , 工艺美术 | |
| 电子资源: | ||
| ISBN: | 7-5019-4779-1 | |
| 000 | 00973oam2 2200289 45 | |
| 001 | 0900000030865 | |
| 005 | 20061203162800.07 | |
| 010 | @a7-5019-4779-1@dCNY36.00 | |
| 100 | @a20050429d2005 ekmy0chiy0120 ea | |
| 101 | 0 | @achi |
| 102 | @aCN@b110000 | |
| 105 | @aa z 000yy | |
| 200 | 1 | @a民间银饰@9min jian yin shi@e图集@f王金华编著@Fwang jin hua bian zhu |
| 210 | @a北京@c中国轻工业出版社@d2005 | |
| 215 | @a139页@d19cm | |
| 225 | 2 | @a中国民间工艺风采丛书 |
| 330 | @a本书概述部分从中国银饰品源流、银饰的种类等方面进行了论述,全书收录民间银饰200余幅,根据银饰的种类进行编排,每幅图片附有简要说明。相信您通过本书能较为全面地了解中国民间银饰的概貌。 | |
| 410 | 0 | @12001 @a中国民间工艺风采丛书 |
| 517 | 1 | @a图集@Atu ji |
| 606 | 0 | @a首饰 |
| 606 | 0 | @a银@x首饰@x工艺美术@y中国@j图集 |
| 606 | 0 | @a工艺美术 |
| 690 | @aJ526.1@v4 | |
| 701 | 0 | @a王金华@Awang jin hua@4编著 |
| 801 | 0 | @aCN@bCXYBOOK@c20061203 |
| 905 | @a10447@dJ526.1@e130 | |
| 999 | @aWJ@eJDD | |
| 民间银饰:图集/王金华编著.-北京:中国轻工业出版社,2005 |
| 139页;19cm.-(中国民间工艺风采丛书) |
| ISBN 7-5019-4779-1:CNY36.00 |
| 本书概述部分从中国银饰品源流、银饰的种类等方面进行了论述,全书收录民间银饰200余幅,根据银饰的种类进行编排,每幅图片附有简要说明。相信您通过本书能较为全面地了解中国民间银饰的概貌。 |
| ● |
| 相关链接 |
|
|
|
|
正题名:民间银饰
索取号:J526.1/130
 
预约/预借
| 序号 | 登录号 | 条形码 | 馆藏地/架位号 | 状态 | 备注 |
| 1 | 0370753 | 203707532 | 第一样本阅览室/ [索取号:J526.1/130] | 在馆 | |
| 2 | 0370754 | 203707541 | 第一借阅区/ [索取号:J526.1/130] | 在馆 | |
| 3 | 0370755 | 203707550 | 第一借阅区/ [索取号:J526.1/130] | 在馆 | |
| 4 | 0370756 | 203707569 | 第一借阅区/ [索取号:J526.1/130] | 在馆 | |
| 5 | 0610969 | 206109691 | 第一借阅区/ [索取号:J526.1/130] | 在馆 | |
| 6 | 0610971 | 206109717 | 第一借阅区/ [索取号:J526.1/130] | 在馆 |